000 00302nam a2200121Ia 4500
008 190216s9999||||xx |||||||||||||| ||und||
100 _aRamachandran H
245 0 _aFinancial Planning And Control
260 _bPrentice Hall Of India Pvt Ltd
_c1982
300 _a529p
650 _aCommerce
942 _cBK
999 _c4314
_d4314